书目信息 |
| 题名: |
乐教育人
|
|
| 作者: | 元莉莉 编著 | |
| 分册: | ||
| 出版信息: | 兰州 兰州大学出版社 2020.9 |
|
| 页数: | 144页 | |
| 开本: | 24cm | |
| 丛书名: | ||
| 单 册: | ||
| 中图分类: | G623.712 | |
| 科图分类: | ||
| 主题词: | 音乐教育--教学研究--小学 | |
| 电子资源: | ||
| ISBN: | 978-7-311-05802-9 | |
| 000 | 00915nam0 2200253 45 | |
| 001 | 012001002090 | |
| 005 | 20140821164829.0 | |
| 010 | @a978-7-311-05802-9@dCNY28.00 | |
| 100 | @a20210126d2020 em y0chiy0110 ea | |
| 101 | 0 | @achi |
| 102 | @aCN@b620000 | |
| 105 | @aag z 000yy | |
| 106 | @ar | |
| 200 | 1 | @a乐教育人@Ayue jiao yu ren@e小学音乐教育的实践与探索@f元莉莉编著 |
| 210 | @a兰州@c兰州大学出版社@d2020.9 | |
| 215 | @a144页@c彩照@d24cm | |
| 300 | @a其他题名:小学音乐教育的实践与探索 | |
| 330 | @a本书分为教师与课堂、课程与研究两部分。内容包括新教师过好入职的三个关,论音乐教室的素养,改善农村音乐教师现状的几点建议,且听、且看、且思,浅谈音乐课中的导入,小学歌唱教学中的一二三四等。 | |
| 517 | 1 | @a小学音乐教育的实践与探索 |
| 606 | 0 | @a音乐教育@x教学研究@x小学 |
| 690 | @aG623.712@v5 | |
| 701 | 0 | @a元莉莉@Ayuan li li@4编著 |
| 801 | @aCN@bAHXH@c20210922 | |
| 905 | @b1281130-4@dG623.712@e1818@f5 | |
| 乐教育人:小学音乐教育的实践与探索/元莉莉编著.-兰州:兰州大学出版社,2020.9 |
| 144页:彩照;24cm |
| 其他题名:小学音乐教育的实践与探索 |
| ISBN 978-7-311-05802-9:CNY28.00 |
| 本书分为教师与课堂、课程与研究两部分。内容包括新教师过好入职的三个关,论音乐教室的素养,改善农村音乐教师现状的几点建议,且听、且看、且思,浅谈音乐课中的导入,小学歌唱教学中的一二三四等。 |
| ● |
| 相关链接 |
|
|
|
|
正题名:乐教育人
索取号:G623.712/1818
 
预约/预借
| 序号 | 登录号 | 条形码 | 馆藏地/架位号 | 状态 | 备注 |
| 1 | 1281130 | 212811304 | 第一样本阅览室/ [索取号:G623.712/1818] | 在馆 | |
| 2 | 1281131 | 212811313 | 教育系资料室/ [索取号:G623.712/1818] | 在馆 | |
| 3 | 1281132 | 212811322 | 教育系资料室/ [索取号:G623.712/1818] | 在馆 | |
| 4 | 1281133 | 212811331 | 第四借阅区/ [索取号:G623.712/1818] | 在馆 | |
| 5 | 1281134 | 212811340 | 第四借阅区/ [索取号:G623.712/1818] | 在馆 |